000
00237nam a22001097a 4500
082
_a
621.462 MIC'S
100
_a
MICHEL, JOHN
_9
57525
245
_a
SMALL MOTORS
260
_a
NEWYORK
_b
D.VAN NOSTRAND
_c
1963
300
_a
89P
942
_c
BK
999
_c
567801
_d
567801